|
|
|
|
| LEADER |
00000nab a2200000 ar4500 |
| 001 |
vtls011597782 |
| 003 |
SK-MaSNL |
| 005 |
20260303223328.0 |
| 008 |
161206c20160910xo dr|n|||||||000 b|slo |
| 038 |
|
|
|a PPPK
|
| 040 |
|
|
|a PPPKCL
|b slo
|c PPPKCL
|e AACR2
|
| 041 |
0 |
|
|a slo
|
| 044 |
|
|
|a xo
|c SK
|
| 080 |
|
|
|a 791.229.2
|a (437.6-17)
|2 2011
|
| 080 |
|
|
|a 796.524-051
|2 2011
|
| 100 |
1 |
|
|a Tóthová, Roberta
|4 aut
|9 673109
|
| 245 |
1 |
0 |
|a Sloboda pod nákladom je slušná barabášovka
|c Roberta Tóthová ; [Foto] ASFK
|
| 300 |
|
|
|b Fotogr.
|
| 600 |
1 |
7 |
|a Barabáš, Pavol,
|d 1959-
|t Sloboda pod nákladom (film)
|2 pppkcl
|9 1236258
|
| 650 |
0 |
7 |
|a dokumentárne filmy
|2 pppkcl
|9 3400
|
| 650 |
0 |
7 |
|a horskí nosiči
|2 pppkcl
|9 114245
|
| 651 |
|
7 |
|a Tatry (motív)
|2 pppkcl
|9 1090019
|
| 651 |
|
7 |
|a Trenčín (Slovensko)
|2 pppkcl
|9 159956
|
| 773 |
0 |
|
|t Pravda
|g Roč. 26, č. 211 (10.9.2016), s. 43
|x 1335-4050
|
| 852 |
|
|
|a PPPK
|b KIS3GCP
|
| 999 |
|
|
|c 2247232
|d 2249162
|